| 000 | 00671nam a2200217 a 4500 | ||
|---|---|---|---|
| 001 | 21745 | ||
| 003 | CO-ViMGA | ||
| 008 | 141112s2004 ck r 000 u spa d | ||
| 020 | _a9501107701 | ||
| 040 |
_aCO-ViMGA _bspa _cCO-ViMGA |
||
| 082 | 0 | 4 | _aJUG |
| 245 | 1 | 0 | _aJugar |
| 260 |
_aBuenos Aires : _bSigmar, _c2001 |
||
| 300 | _a10 | ||
| 490 | _aColección Burbujas | ||
| 500 | _aA partir de 1 a 3 años. | ||
| 590 | _aForma de adquisición : Donación fact. 8856 - - Precio : 17900 - - Proveedor : Fundación exito - - Fecha de adquisición : Julio 2007 | ||
| 650 | 1 | 4 |
_aALBUMES INFANTILES _92002 |
| 650 | 1 | 4 |
_aLIBROS ILUSTRADOS PARA NIÑOS _92001 |
| 942 |
_2ddc _cBK |
||
| 999 |
_c30301 _d30301 |
||